000 00349nam a2200145Ia 4500
008 191201s2010 xx 000 0 und d
082 _a530
_bTAM
100 _aTANEJA, S.P
245 0 _aModern Physics for Engineering
250 _aRev 7th
260 _aN.Delhi
_bR Chand and Co
_c2010
300 _aMISC
650 _aApplied
942 _2ddc
_cBK
_016
999 _c4704
_d4704